NHL Stanley Cup Winning Coaches - Statistics

General Stats
  • This quiz has been taken 25 times
    10 since last reset
  • The average score is 52 of 97
Answer Stats
Year Team Team % Correct
2021 Lightning Jon Cooper
100%
2020 Lightning Jon Cooper
100%
2024 Panthers Paul Maurice
100%
1983 Islanders Al Arbour
89%
1982 Islanders Al Arbour
89%
1981 Islanders Al Arbour
89%
1980 Islanders Al Arbour
89%
2018 Capitals Barry Trotz
89%
2019 Blues Craig Berube
89%
2014 Kings Darryl Sutter
89%
2012 Kings Darryl Sutter
89%
2022 Avalanche Jared Bednar
89%
2008 Red Wings Mike Babcock
89%
2017 Penguins Mike Sullivan
89%
2016 Penguins Mike Sullivan
89%
2023 Knights Bruce Cassidy
78%
2009 Penguins Dan Bylsma
78%
1988 Oilers Glen Sather
78%
1987 Oilers Glen Sather
78%
1985 Oilers Glen Sather
78%
1984 Oilers Glen Sather
78%
2015 Blackhawks Joel Quenneville
78%
2013 Blackhawks Joel Quenneville
78%
2010 Blackhawks Joel Quenneville
78%
2004 Lightning John Tortorella
78%
1999 Stars Ken Hitchcock
78%
2000 Devils Larry Robinson
78%
1994 Rangers Mike Keenan
78%
2003 Devils Pat Burns
78%
2006 Hurricanes Peter Laviolette
78%
2007 Ducks Randy Carlyle
78%
2002 Red Wings Scotty Bowman
78%
1998 Red Wings Scotty Bowman
78%
1997 Red Wings Scotty Bowman
78%
1979 Canadiens Scotty Bowman
78%
1978 Canadiens Scotty Bowman
78%
1977 Canadiens Scotty Bowman
78%
1976 Canadiens Scotty Bowman
78%
1989 Flames Terry Crisp
78%
2001 Avalanche Bob Hartley
67%
1991 Penguins Bob Johnson
67%
2011 Bruins Claude Julien
67%
1975 Flyers Fred Shero
67%
1974 Flyers Fred Shero
67%
1995 Devils Jacques Lemaire
67%
1990 Oilers John Muckler
67%
1967 Maple Leafs Punch Imlach
67%
1964 Maple Leafs Punch Imlach
67%
1963 Maple Leafs Punch Imlach
67%
1962 Maple Leafs Punch Imlach
67%
1993 Canadiens Jacques Demers
56%
1986 Canadiens Jean Perron
56%
1996 Avalanche Marc Crawford
56%
1992 Penguins Scotty Bowman
56%
1973 Canadiens Scotty Bowman
56%
1960 Canadiens Toe Blake
56%
1959 Canadiens Toe Blake
56%
1958 Canadiens Toe Blake
56%
1957 Canadiens Toe Blake
56%
1956 Canadiens Toe Blake
56%
1968 Canadiens Toe Blake
44%
1966 Canadiens Toe Blake
44%
1965 Canadiens Toe Blake
44%
1949 Maple Leafs Hap Day
33%
1948 Maple Leafs Hap Day
33%
1947 Maple Leafs Hap Day
33%
1942 Maple Leafs Hap Day
33%
1970 Bruins Harry Sinden
33%
1971 Canadiens Al MacNeil
22%
1969 Canadiens Claude Ruel
22%
1944 Canadiens Dick Irvin
22%
1932 Maple Leafs Dick Irvin
22%
1945 Maple Leafs Hap Day
22%
1972 Bruins Tom Johnson
22%
1939 Bruins Art Ross
11%
1929 Bruins Art Ross
11%
1938 Blackhawks Bill Stewart
11%
1931 Canadiens Cecil Hart
11%
1930 Canadiens Cecil Hart
11%
1941 Bruins Cooney Weiland
11%
1927 Senators Dave Gill
11%
1953 Canadiens Dick Irvin
11%
1946 Canadiens Dick Irvin
11%
1940 Rangers Frank Boucher
11%
1943 Red Wings Jack Adams
11%
1937 Red Wings Jack Adams
11%
1936 Red Wings Jack Adams
11%
1955 Red Wings Jimmy Skinner
11%
1951 Maple Leafs Joe Primeau
11%
1933 Rangers Lester Patrick
11%
1928 Rangers Lester Patrick
11%
1961 Blackhawks Rudy Pilous
11%
1935 Maroons Tommy Gorman
11%
1934 Blackhawks Tommy Gorman
11%
1954 Red Wings Tommy Ivan
11%
1952 Red Wings Tommy Ivan
11%
1950 Red Wings Tommy Ivan
11%
No matching quizzes found
Score Distribution
Percent of People with Each Score
Percentile by Number Answered
Your Score History
You have not taken this quiz since the last reset